Institutionalising microfinance in Bangladesh : (Record no. 2076)

MARC details
000 -LEADER
fixed length control field 00856nam a2200229 a 4500
003 - CONTROL NUMBER IDENTIFIER
control field BD-DhJNU
005 - DATE AND TIME OF LATEST TRANSACTION
control field 20250903083355.0
008 - FIXED-LENGTH DATA ELEMENTS--GENERAL INFORMATION
fixed length control field 200615e201912 bg b 001 0 eng
020 ## - INTERNATIONAL STANDARD BOOK NUMBER
International Standard Book Number 9789845062756
040 ## - CATALOGING SOURCE
Original cataloging agency BD-DhJNU
Language of cataloging ENG
Transcribing agency BD-DhJNU
Modifying agency BD-DhJNU
082 00 - DEWEY DECIMAL CLASSIFICATION NUMBER
Classification number 332.11095492 RAI
Edition number 23
100 1# - MAIN ENTRY--PERSONAL NAME
Personal name Rashid, Lila,
Relator term author.
245 10 - TITLE STATEMENT
Title Institutionalising microfinance in Bangladesh :
Remainder of title players, games & outcomes /
Statement of responsibility, etc. Lila Rashid.
264 #1 - PRODUCTION, PUBLICATION, DISTRIBUTION, MANUFACTURE, AND COPYRIGHT NOTICE
Place of production, publication, distribution, manufacture Dhaka, Bangladesh :
Name of producer, publisher, distributor, manufacturer University Press Limited,
Date of production, publication, distribution, manufacture, or copyright notice December 2019.
300 ## - PHYSICAL DESCRIPTION
Extent xxvi, 359 pages ;
Dimensions 22 cm
504 ## - BIBLIOGRAPHY, ETC. NOTE
Bibliography, etc. note Includes bibliographical references (pages 327-352) and index.
650 #0 - SUBJECT ADDED ENTRY--TOPICAL TERM
Topical term or geographic name entry element Microfinance
Geographic subdivision Bangladesh.
650 #0 - SUBJECT ADDED ENTRY--TOPICAL TERM
Topical term or geographic name entry element Financial institutions
Geographic subdivision Bangladesh.
650 #0 - SUBJECT ADDED ENTRY--TOPICAL TERM
Topical term or geographic name entry element Banks and banking
General subdivision State supervision
Geographic subdivision Bangladesh.
651 #0 - SUBJECT ADDED ENTRY--GEOGRAPHIC NAME
Geographic name Bangladesh
General subdivision Economic policy
Chronological subdivision 21st century.
942 ## - ADDED ENTRY ELEMENTS (KOHA)
Koha item type Books
Holdings
Withdrawn status Lost status Source of classification or shelving scheme Damaged status Not for loan Collection Home library Current library Shelving location Date acquired Source of acquisition Total checkouts Full call number Barcode Date last seen Copy number Price effective from Koha item type
    Dewey Decimal Classification     Non-fiction Jagannath University Central Library Jagannath University Central Library General stacks 09/03/2025 Purchased   332.11095492 RAI JNUCL35655 09/03/2025 1 09/03/2025 Books